Ordenación del territorio y política de cohesión europea : (Registro nro. 23817)

Detalles MARC
000 -Cabecera
Campo de control interno 00499nam a2200181Ia 4500
005 - Fecha y hora del registro
control field 20260414151003.0
008 - Elementos de Longitud Fija
fixed length control field 260414t2011||||xx |||||||||||||| ||spa||
041 ## - Idioma
Codigo Idioma ESP
082 ## - DEWEY y NOTACIÓN INTERNA
Dewey 711.1
Notación Interna A37
100 ## - AUTOR
Autor denominación Alcubilla de la Fuente, Francisco
Término de relación autor
245 #0 - TÍTULO DE MATERIAL BIBLIOGRÁFICO
Título Ordenación del territorio y política de cohesión europea :
Título paralelo caso de Castilla y León
260 ## - CIUDAD, EDITORIAL, AÑO
Año 2011
300 ## - DESCRIPCIÓN
N° Páginas 389 páginas :
Dimensiones 24 cm.
650 ## - TEMAS
Temas Ciencias Sociales
654 ## - PROGRAMAS
Programa Dpto. de Administración de Negocios
942 ## - ELEMENTOS DE KOHA
Tipo de documento Libro
Nombre del creador Justo Noguera
Código de catalogador Justo Noguera
Esquema de clasificación Dewey Decimal Classification
Suppress in OPAC
Existencias
Codigo completo Registro Colección Copia número Disponibilidad Tipo de préstamo Biblioteca Actual Procedencia (Biblioteca) Ubicacón Fecha Ingreso Tipo de Adquisición Date last seen Total checkouts Price effective from Tipo de Item Estado del Material Damaged status Withdrawn status
711.1 A37 1075248 Universidad Católica San Pablo 1 Disponible Disponible Víctor Andrés Belaunde Víctor Andrés Belaunde Planta baja abierta 14/04/2026 Compra 14/04/2026   14/04/2026 Libro Bueno